Statistics for Fast Math - Powers of 2

Click here to take the quiz!

General Stats

  • This quiz has been taken 27,983 times
  • The average score is 14 of 32

Answer Stats

PowerNumber% Correct
2^12
100%
2^24
99%
2^38
98%
2^416
97%
2^532
95%
2^01
94%
2^664
94%
2^7128
93%
2^8256
91%
2^9512
87%
2^101,024
86%
2^112,048
84%
2^124,096
78%
2^138,192
65%
2^1416,384
50%
2^1532,768
38%
2^1665,536
21%
2^17131,072
13%
2^18262,144
10%
2^19524,288
7%
2^201,048,576
5%
2^212,097,152
3%
2^224,194,304
2%
2^2416,777,216
1%
2^2533,554,432
1%
2^2667,108,864
1%
2^238,388,608
1%
2^301,073,741,824
0%
2^27134,217,728
0%
2^312,147,483,648
0%
2^28268,435,456
0%
2^29536,870,912
0%

Score Distribution

Percentile by Number Answered

Percent of People with Each Score

Your Score History

You have not taken this quiz